| 000 | 00324nam a22001097a 4500 | ||
|---|---|---|---|
| 082 | _a673.22 MAR'M | ||
| 100 |
_aMARYON, HERBERT _958215 |
||
| 245 | _aMETALWORK AND ENAMELLING A PRACTICAL TEATISE ON GOLD AND SILVERSMITHS WORK AND THEIR ALLIED CARFTS | ||
| 250 | _a4TH | ||
| 260 |
_aLONDON _bCHAPMAN & HALL _c1959 |
||
| 942 | _cBK | ||
| 999 |
_c568416 _d568416 |
||